Climate change policy : (Record no. 19019)
[ view plain ]
| 000 -LEADER | |
|---|---|
| fixed length control field | 00496cam a22001814a 4500 |
| 020 ## - INTERNATIONAL STANDARD BOOK NUMBER | |
| ISBN | 155963880X |
| 020 ## - INTERNATIONAL STANDARD BOOK NUMBER | |
| ISBN | 1559638818 |
| 040 ## - CATALOGING SOURCE | |
| Transcribing agency | DLC |
| 082 00 - DEWEY DECIMAL CLASSIFICATION NUMBER | |
| Classification number | 363 ISL 2002 C158 Or. |
| 245 00 - TITLE STATEMENT | |
| Title | Climate change policy : |
| Remainder of title | a survey / |
| 260 ## - PUBLICATION, DISTRIBUTION, ETC. (IMPRINT) | |
| Place of publication | Washington [D.C.] : |
| Name of publisher | Island Press, |
| Year of publication | c2002. |
| 300 ## - PHYSICAL DESCRIPTION | |
| Number of Pages | xvii, 563 p. : |
| Other physical details | ill., maps ; |
| Dimensions | 24 cm. |
| 650 #0 - SUBJECT ADDED ENTRY--TOPICAL TERM | |
| Topical Term | Climatic changes |
| 700 1# - ADDED ENTRY--PERSONAL NAME | |
| Personal name | Schneider, Stephen Henry. |
| 700 1# - ADDED ENTRY--PERSONAL NAME | |
| Personal name | Rosencranz, Armin. |
| 700 1# - ADDED ENTRY--PERSONAL NAME | |
| Personal name | Niles, John O. |
| 942 ## - ADDED ENTRY ELEMENTS (KOHA) | |
| Koha item type | ADB |
| 952 ## - LOCATION AND ITEM INFORMATION (KOHA) | |
| Withdrawn status [LOCAL, KOHA] | 0 |
| Koha item type | Source of acquisition | Lost status | Permanent Location | Current Location | Date acquired | Full call number |
|---|---|---|---|---|---|---|
| សៀវភៅភាសាអង់គ្លេស | A34315 | Library Block C | Library Block C | 2020-02-28 | 363 ISL 2002 C158 Or. |